Statistiken für Errate Japanische Dinge Anhand von Bildern

Klicken Sie hier um das Quiz zu spielen!

Allgemein

  • Dieses Quiz wurde 87 mal gespielt
  • Das Durchschnittsergebnis liegt bei 17 aus 44

Antwortstatistiken

Antwort% Korrekt
Samurai
93%
Sumo
90%
Karate
89%
Manga
84%
Ninja
84%
Geisha
80%
Kimono/Yukata
79%
Fuji-san
75%
Bonsai
70%
Koi Karpfen
69%
Anime
66%
Ramen
66%
Katana
61%
Sakura
57%
Shinto/Schintoismus
54%
Karaoke
48%
Futon
46%
Onigiri
44%
Kendo
43%
Mochi
41%
Shiba Inu
38%
Onsen
36%
Shuriken
34%
Tatami
31%
Hanami
25%
Lolita
21%
Pagode
21%
Torii
21%
Daruma
18%
Yokai
18%
Koto
16%
Shamisen
15%
Maneki Neko
11%
Taiko
11%
Geta
10%
Kotatsu
8%
Jinja
7%
Miko
7%
Shoji
5%
Harajuku
3%
Andon
0%
Chashitsu
0%
Irori
0%
Tourou
0%

Verteilung der Resultate

Perzentil nach korrekt beantworteten Fragen

Anzahl Personen mit jedem Resultat

Ihre Resultats-Entwicklung

Sie haben dieses Quiz noch nicht gespielt